00635nam a2200169 a 450000100100000000500170001000800410002704000250006808200160009310000400010924500850014926000390023430000350027359000260030895201140033499900170044800004738120201002060517.0180510s199- dr ac r 000 0 spa d aDO-SdBNPbspacBNPHU axxxxbR173s1 aRamírez Báez, Ramón O.94286710aSeamos buenos dominicanos :bestudios sociales 4 /cRamón O. Ramírez Báez. aSanto Domingo :bSusaeta,c[s.f.]. a144 p. :bil., map., ;c26 cm. aInventariado, 2018/BT 0010718PDaPDbPDcHDd2018-05-10iLF1l0oxxxx R173sp47381-10r2020-06-25w2020-06-25yLFPDZNo se presta c46869d46869